| 000 | 00861nam a22002537a 4500 | ||
|---|---|---|---|
| 005 | 20170123162318.0 | ||
| 010 | _aA-842667 | ||
| 020 | _c100.00 | ||
| 035 | _aA-842667 | ||
| 037 | _bCen Lib/Ret | ||
| 040 |
_aDPL _bUR |
||
| 082 |
_a841.08 _bم ص ح |
||
| 100 |
_aسیدہ وارثی _9115689 |
||
| 245 |
_aمطالہ مسنیات محصفی / _bسیدہ وارثی |
||
| 246 |
_aMutaalaa masnuyat-e- mohasafi / _bby Sayyad Varsi |
||
| 260 |
_a دہلی _bتخلیکقار پبلکشانس _c1995 |
||
| 270 |
_b دہلی _a١٧٧٩، کچہ دکھنی رہے، دریاگنج _e110002 |
||
| 300 |
_a236p. _c19cm(Hb) |
||
| 650 |
_aاردو ادب _9115690 |
||
| 650 |
_aاردو سوانح عمری _9115691 |
||
| 650 |
_aUrdu literature _9115692 |
||
| 650 |
_aUrdu biography _9511 |
||
| 942 |
_2ddc _cUR _h841.08 _mم ص ح |
||
| 999 |
_c106859 _d106859 |
||